[Event "Olympiad"]
[Site "Moscow RUS"]
[Date "1994.12.12"]
[Round "11"]
[White "Hergott, Deen"]
[Black "Serper, Grigory"]
[Result "1/2-1/2"]
[WhiteElo "2430"]
[BlackElo "2575"]
[PlyCount "26"]
[EventDate "1994.12.01"]
[EventType "team"]
[EventRounds "14"]
[EventCountry "RUS"]

1. Nf3 d5 2. d4 c6 3. Bf4 Bf5 4. c4 e6 5. Nc3 Nd7 6. Qb3 Qb6 7. e3 Ngf6 8. h3
dxc4 9. Bxc4 Bb4 10. O-O O-O 11. Nh4 Be4 12. Nxe4 Nxe4 13. Nf3 Rfe8 1/2-1/2

[Event "Thanksgiving op"]
[Site "Toronto CAN"]
[Date "1994.10.??"]
[Round "?"]
[White "Hergott, Deen"]
[Black "Schleifer, Michael"]
[Result "1-0"]
[WhiteElo "2535"]
[BlackElo "2414"]
[PlyCount "59"]
[EventDate "1994.10.08"]
[EventType "swiss"]
[EventRounds "6"]
[EventCountry "CAN"]
[SourceDate "2011.01.01"]

1. d4 c5 2. d5 e5 3. c4 d6 4. Nc3 Be7 5. e4 Nf6 6. Bd3 Nbd7 7. h3 h5 8. Qa4 a6
9. f4 b5 10. cxb5 Nb6 11. Qd1 c4 12. Bc2 axb5 13. Nxb5 Ba6 14. Nc3 exf4 15.
Bxf4 h4 16. Nf3 Nh5 17. Bh2 Nd7 18. O-O Qb6+ 19. Kh1 Qxb2 20. Qd2 Ng3+ 21. Bxg3
hxg3 22. e5 Kd8 23. Rab1 Qa3 24. e6 Bf6 25. Nd4 fxe6 26. dxe6 Qc5 27. Nf5 Bxc3
28. Qxc3 Bb5 29. e7+ Kc7 30. Nd4 1-0

[Event "Thanksgiving op"]
[Site "Toronto CAN"]
[Date "1994.10.??"]
[Round "?"]
[White "Southam, Todd"]
[Black "Hergott, Deen"]
[Result "0-1"]
[WhiteElo "2309"]
[BlackElo "2535"]
[PlyCount "45"]
[EventDate "1994.10.08"]
[EventType "swiss"]
[EventRounds "6"]
[EventCountry "CAN"]
[SourceDate "2011.01.01"]

1. d4 e6 2. c4 Bb4+ 3. Nc3 b6 4. e3 Bb7 5. Nf3 f5 6. Bd3 Nf6 7. O-O Ne4 8. Ne2
Bd6 9. Ng3 O-O 10. Qc2 Bxg3 11. hxg3 Qe8 12. g4 Nc6 13. a3 fxg4 14. Bxe4 gxf3
15. gxf3 Qh5 16. Rd1 Rxf3 17. Bxf3 Qxf3 18. Kf1 Rf8 19. e4 Qh1+ 20. Ke2 Rxf2+
21. Kxf2 Qh2+ 22. Kf3 Qxc2 23. Bf4 0-1

[Event "Labour Day op"]
[Site "Toronto CAN"]
[Date "1994.09.??"]
[Round "?"]
[White "Hergott, Deen"]
[Black "Bekefi, Laszlo"]
[Result "1-0"]
[WhiteElo "2535"]
[BlackElo "2278"]
[PlyCount "61"]
[EventDate "1994.09.03"]
[EventType "swiss"]
[EventRounds "5"]
[EventCountry "CAN"]

1. Nf3 Nf6 2. c4 e6 3. Nc3 Nc6 4. e4 d5 5. e5 d4 6. exf6 dxc3 7. bxc3 gxf6 8.
d4 b6 9. Bd3 Bb7 10. O-O Qd7 11. Bf4 O-O-O 12. Bg3 h5 13. Rb1 Be7 14. Qa4 Na5
15. Rb5 Rdg8 16. d5 h4 17. Nxh4 Rg4 18. Nf5 Bc5 19. Ne3 Rg7 20. Rxa5 bxa5 21.
Qxa5 Bb6 22. Qa3 c5 23. Rb1 Kd8 24. Qb3 Ke7 25. a4 Bc8 26. Qa3 Kf8 27. a5 Bd8
28. Qxc5+ Be7 29. d6 Bd8 30. Rb8 Bb7 31. Qc7 1-0

[Event "CAN-ch"]
[Site "Hamilton CAN"]
[Date "1994.??.??"]
[Round "1"]
[White "Spraggett, Grant"]
[Black "Hergott, Deen"]
[Result "0-1"]
[WhiteElo "2320"]
[BlackElo "2430"]
[PlyCount "130"]
[EventDate "1994.08.12"]
[EventType "tourn"]
[EventRounds "15"]
[EventCountry "CAN"]

1. c4 e6 2. Nf3 d5 3. g3 c6 4. b3 a5 5. Bb2 a4 6. Bg2 Nf6 7. O-O a3 8. Bc3 b5
9. d3 b4 10. Bxf6 Qxf6 11. Nbd2 Be7 12. e4 O-O 13. Qe2 Rd8 14. Rfd1 Nd7 15. e5
Qf5 16. Nf1 Bb7 17. Ne3 Qh5 18. d4 Ba6 19. Qc2 dxc4 20. Nxc4 Rac8 21. Rd2 c5
22. Rad1 Bxc4 23. Qxc4 Nb6 24. Qb5 Nd5 25. dxc5 Bf8 26. Qb7 Rxc5 27. h4 h6 28.
Re1 Rdc8 29. Kh2 Rc2 30. Ree2 R2c7 31. Qa6 Rc6 32. Qa7 R8c7 33. Qd4 Bc5 34. Qd3
Be7 35. Nd4 Bxh4 36. gxh4 Qxh4+ 37. Qh3 Qf4+ 38. Qg3 Rc3 39. Qxf4 Nxf4 40. Re3
Rxe3 41. fxe3 Ng6 42. Nc2 Nxe5 43. Nxb4 Ng4+ 44. Kg3 Nxe3 45. Nc6 Kf8 46. Ne5
Rc1 47. Kf4 Nxg2+ 48. Rxg2 g5+ 49. Ke3 f6 50. Nc4 h5 51. Nxa3 h4 52. Nc2 e5 53.
Kf3 h3 54. Rh2 f5 55. Kg3 g4 56. Kh4 Ke7 57. Ne3 Ke6 58. Nxg4 fxg4 59. Kxg4 Kd5
60. Kxh3 Kd4 61. Rb2 e4 62. b4 e3 63. Kg2 Kd3 64. Rb3+ Ke4 65. Rb2 Rd1 0-1

[Event "CAN-ch"]
[Site "Hamilton CAN"]
[Date "1994.??.??"]
[Round "3"]
[White "Hergott, Deen"]
[Black "Nickoloff, Bryon"]
[Result "1/2-1/2"]
[WhiteElo "2430"]
[BlackElo "2390"]
[PlyCount "42"]
[EventDate "1994.08.12"]
[EventType "tourn"]
[EventRounds "15"]
[EventCountry "CAN"]

1. e4 c5 2. Nf3 e6 3. d3 d5 4. Nbd2 Nc6 5. g3 g6 6. Bg2 Bg7 7. O-O Nge7 8. c3
b6 9. exd5 Nxd5 10. Nb3 O-O 11. d4 cxd4 12. Nbxd4 Nxd4 13. Nxd4 Ba6 14. Re1 Qd7
15. Nc2 Rad8 16. Bxd5 Qc8 17. Nb4 Bc4 18. Nc6 Rd7 19. Ne7+ Rxe7 20. Bxc4 Qxc4
21. Bg5 Rc7 1/2-1/2

[Event "CAN-ch"]
[Site "Hamilton CAN"]
[Date "1994.??.??"]
[Round "4"]
[White "Livshits, Ron"]
[Black "Hergott, Deen"]
[Result "1/2-1/2"]
[WhiteElo "2370"]
[BlackElo "2430"]
[PlyCount "60"]
[EventDate "1994.08.12"]
[EventType "tourn"]
[EventRounds "15"]
[EventCountry "CAN"]

1. d4 g6 2. e4 d6 3. Nf3 Bg7 4. h3 Nf6 5. Bd3 O-O 6. O-O Nc6 7. c3 Nd7 8. Nbd2
e5 9. dxe5 Ncxe5 10. Bc2 b6 11. Nxe5 dxe5 12. Qf3 Bb7 13. Rd1 Qh4 14. Qg4 Qe7
15. Nf1 Rad8 16. Bg5 Nf6 17. Qh4 Rxd1 18. Rxd1 Rd8 19. Re1 Rd6 20. f4 Rd7 21.
Kh2 h6 22. Bxh6 Bxh6 23. Qxh6 exf4 24. Qxf4 Nh5 25. Qe3 Qe5+ 26. Kg1 Nf4 27.
Ng3 Qg5 28. Kh2 Qe5 29. Kg1 Qg5 30. Kh2 Qe5 1/2-1/2

[Event "CAN-ch"]
[Site "Hamilton CAN"]
[Date "1994.??.??"]
[Round "5"]
[White "Hergott, Deen"]
[Black "Leveille, Francois"]
[Result "0-1"]
[WhiteElo "2430"]
[BlackElo "2380"]
[PlyCount "84"]
[EventDate "1994.08.12"]
[EventType "tourn"]
[EventRounds "15"]
[EventCountry "CAN"]

1. d4 d5 2. Nf3 c5 3. g3 cxd4 4. Bg2 Qa5+ 5. c3 dxc3 6. Nxc3 e6 7. e4 dxe4 8.
Nd4 Nf6 9. Nb3 Qa6 10. Be3 Nbd7 11. Bf1 Qd6 12. Qc2 a6 13. Bg2 Qc7 14. O-O-O
Bb4 15. Nxe4 Qxc2+ 16. Kxc2 Nxe4 17. Bxe4 Nf6 18. Bg2 e5 19. Kb1 O-O 20. Ka1
Ng4 21. Bd2 Be7 22. Be1 f5 23. h3 Nf6 24. Bc3 e4 25. Rhe1 a5 26. f3 Bb4 27.
Bxb4 axb4 28. Rd4 Ra4 29. fxe4 Be6 30. Nc5 Rxa2+ 31. Kb1 Rfa8 32. Re3 Ra1+ 33.
Kc2 Rc8 34. Rd8+ Rxd8 35. Nxe6 Rc8+ 36. Kb3 Rg1 37. Re2 Nxe4 38. g4 Nc5+ 39.
Kxb4 Rxg2 40. Rxg2 Nxe6 41. gxf5 Nd4 42. f6 g6 0-1

[Event "CAN-ch"]
[Site "Hamilton CAN"]
[Date "1994.??.??"]
[Round "6"]
[White "Koliada, Timour"]
[Black "Hergott, Deen"]
[Result "0-1"]
[WhiteElo "2345"]
[BlackElo "2430"]
[PlyCount "56"]
[EventDate "1994.08.12"]
[EventType "tourn"]
[EventRounds "15"]
[EventCountry "CAN"]

1. d4 g6 2. c4 Bg7 3. g3 c5 4. d5 Nf6 5. Bg2 O-O 6. e4 d6 7. Ne2 e6 8. Nbc3
exd5 9. cxd5 Re8 10. a4 Na6 11. O-O Nb4 12. f4 Bg4 13. Re1 c4 14. h3 Nd3 15.
Rf1 Qb6+ 16. Kh1 Bd7 17. Qc2 Re7 18. a5 Qc5 19. Kh2 Rae8 20. Ng1 Nxe4 21. Nxe4
Rxe4 22. Bxe4 Rxe4 23. Ne2 Qxd5 24. Nc3 Bxc3 25. bxc3 Qh5 26. Ra2 Bxh3 27. g4
Bxg4+ 28. Kg1 Re2 0-1

[Event "CAN-ch"]
[Site "Hamilton CAN"]
[Date "1994.??.??"]
[Round "7"]
[White "Hergott, Deen"]
[Black "Berry, Jonathan"]
[Result "1-0"]
[WhiteElo "2430"]
[BlackElo "2285"]
[PlyCount "121"]
[EventDate "1994.08.12"]
[EventType "tourn"]
[EventRounds "15"]
[EventCountry "CAN"]

1. d4 Nf6 2. Nf3 e6 3. c4 d5 4. Nc3 Be7 5. cxd5 exd5 6. Bg5 c6 7. Qc2 Nbd7 8.
e3 Nh5 9. Bxe7 Qxe7 10. O-O-O g6 11. g4 Ng7 12. Bd3 O-O 13. Rdg1 Nb6 14. h4 f5
15. h5 fxg4 16. Ne5 Bf5 17. hxg6 h5 18. Nf7 Rxf7 19. gxf7+ Qxf7 20. Ne2 Rf8 21.
Nf4 Nc4 22. Rh2 Qe8 23. Nxh5 Nxe3 24. Nxg7 Kxg7 25. Qe2 Bxd3 26. Qxd3 Nf5 27.
Rxg4+ Kf6 28. Qd2 Rg8 29. Rxg8 Qxg8 30. Qf4 Qg1+ 31. Kd2 Kg6 32. Rh3 Qb1 33.
Rb3 b6 34. Qe5 Qxa2 35. Qe6+ Kg5 36. Qg8+ Kf4 37. Qb8+ Kg5 38. Qg8+ Kf4 39.
Qb8+ Kg4 40. f3+ Kg5 41. Qg8+ Kf6 42. Qf8+ Kg5 43. Qa3 Qxa3 44. Rxa3 Nxd4 45.
Rxa7 Nxf3+ 46. Kc3 Kf4 47. Rb7 Ke3 48. Re7+ Kf2 49. Re6 d4+ 50. Kd3 c5 51. Rf6
b5 52. Ke4 Ke2 53. Rxf3 c4 54. Rh3 d3 55. Rh2+ Kd1 56. Kd4 Kc1 57. Kc3 Kb1 58.
Rh1+ Ka2 59. Rd1 b4+ 60. Kxc4 Kxb2 61. Rxd3 1-0

[Event "CAN-ch"]
[Site "Hamilton CAN"]
[Date "1994.??.??"]
[Round "8"]
[White "Baragar, Fletcher"]
[Black "Hergott, Deen"]
[Result "0-1"]
[WhiteElo "2285"]
[BlackElo "2430"]
[PlyCount "124"]
[EventDate "1994.08.12"]
[EventType "tourn"]
[EventRounds "15"]
[EventCountry "CAN"]

1. c4 b6 2. d4 e6 3. Nf3 Bb7 4. g3 Bxf3 5. exf3 d5 6. Bg2 Nf6 7. O-O Be7 8. Nc3
O-O 9. f4 c6 10. f5 exf5 11. cxd5 cxd5 12. Qf3 Nc6 13. Rd1 Rc8 14. Qxf5 g6 15.
Qf3 Qd6 16. a3 Qd7 17. Bg5 Qg4 18. Bxf6 Qxf3 19. Bxf3 Bxf6 20. Nxd5 Bxd4 21.
Rac1 Kg7 22. Rxc6 Bxf2+ 23. Kxf2 Rxc6 24. Nc3 Rc7 25. Rd2 Re8 26. Nb5 Rce7 27.
Re2 Rxe2+ 28. Bxe2 Re7 29. Bc4 Kf6 30. b3 Ke5 31. Ke3 Rd7 32. h4 f5 33. Nc3 h6
34. Ne2 g5 35. h5 Rd1 36. Kf2 Rh1 37. Kg2 Ra1 38. a4 Ke4 39. Nc3+ Kd4 40. Nd5
Ra2+ 41. Kf1 Rb2 42. Ne7 Ke4 43. Bd5+ Ke5 44. Bc4 Rh2 45. Kg1 Rd2 46. Ng8 Rd6
47. Kf2 Ke4 48. Be2 g4 49. Ne7 Rd2 50. Ke1 Rb2 51. Bc4 Rh2 52. Bf7 f4 53. gxf4
Kxf4 54. Kf1 g3 55. Kg1 Rd2 56. Nc6 Rd6 57. Nb4 Rd1+ 58. Kg2 Rd2+ 59. Kg1 a5
60. Nd5+ Kf3 61. Nc3 Rd3 62. Bd5+ Ke3 0-1

[Event "CAN-ch"]
[Site "Hamilton CAN"]
[Date "1994.??.??"]
[Round "9"]
[White "Hergott, Deen"]
[Black "Hamilton, Robert"]
[Result "1/2-1/2"]
[WhiteElo "2430"]
[BlackElo "2330"]
[PlyCount "84"]
[EventDate "1994.08.12"]
[EventType "tourn"]
[EventRounds "15"]
[EventCountry "CAN"]

1. d4 e6 2. c4 c5 3. Nf3 cxd4 4. Nxd4 Nf6 5. Nc3 a6 6. e4 Qc7 7. Be2 Bb4 8. Qd3
b6 9. O-O Bb7 10. Bg5 h6 11. Bh4 Bxc3 12. Bxf6 Bb4 13. Bxg7 Rg8 14. Bxh6 Rh8
15. Qh3 Qe5 16. Rad1 Nc6 17. Nf3 Qxb2 18. Bc1 Qg7 19. Qg3 Qxg3 20. hxg3 f6 21.
Be3 Bc5 22. Bxc5 bxc5 23. Nd2 Nd4 24. Bd3 Bc6 25. f3 Ke7 26. Kf2 Rab8 27. Rb1
Ba4 28. Rxb8 Rxb8 29. Rb1 Rb4 30. a3 Rxb1 31. Nxb1 Bc6 32. Nc3 Nb3 33. Ke3 Na5
34. f4 Nb3 35. g4 Nd4 36. Ne2 Nb3 37. Nc3 Nd4 38. g3 d6 39. Ne2 Nb3 40. Bc2 Na5
41. Bd3 Ba4 42. Kd2 Nb3+ 1/2-1/2

[Event "CAN-ch"]
[Site "Hamilton CAN"]
[Date "1994.??.??"]
[Round "10"]
[White "Day, Lawrence"]
[Black "Hergott, Deen"]
[Result "0-1"]
[WhiteElo "2370"]
[BlackElo "2430"]
[PlyCount "144"]
[EventDate "1994.08.12"]
[EventType "tourn"]
[EventRounds "15"]
[EventCountry "CAN"]

1. e4 d6 2. f4 Nf6 3. Nc3 c6 4. Nf3 b5 5. a3 Bg4 6. h3 Bxf3 7. Qxf3 e5 8. f5 h5
9. h4 Nbd7 10. d3 Be7 11. g3 a5 12. Nd1 b4 13. a4 d5 14. Bg5 Nc5 15. Bxf6 Bxf6
16. Nf2 b3 17. c3 d4 18. Nd1 Qd6 19. Rh2 Rd8 20. Rd2 g5 21. cxd4 Qxd4 22. Rc1
gxh4 23. Rc4 Qd6 24. Qf2 Nd7 25. gxh4 Qe7 26. Qa7 Bxh4+ 27. Nf2 Nf6 28. Qxe7+
Kxe7 29. Ke2 Bxf2 30. Kxf2 c5 31. Kf3 Kd6 32. Rh2 Rhg8 33. Rh1 Rb8 34. Be2 Rb4
35. Rxb4 cxb4 36. Bd1 Rg4 37. Bxb3 h4 38. Rh3 Ke7 39. Bc4 Rf4+ 40. Ke2 Nh5 41.
b3 Rxe4+ 42. dxe4 Nf4+ 43. Kf3 Nxh3 44. Kg4 Nf2+ 45. Kxh4 Nxe4 46. Bd5 Nd6 47.
Kg5 f6+ 48. Kg4 Kd7 49. Be6+ Kc6 50. Kf3 Kc5 51. Ke3 Nb7 52. Bc4 Kd6 53. Bg8
Nc5 54. Bc4 Ke7 55. Kf3 Kf8 56. Kg4 Kg7 57. Kh5 Ne4 58. Be6 Nd2 59. Kg4 Kh6 60.
Bd5 Nb1 61. Be6 Nc3 62. Bf7 Ne2 63. Kf3 Nd4+ 64. Ke4 Kg5 65. Be6 Kg4 66. Bc4
Kg3 67. Kd5 Nxf5 68. Kc5 Nd4 69. Kb6 Nxb3 70. Bxb3 e4 71. Kxa5 e3 72. Bc4 b3
0-1

[Event "CAN-ch"]
[Site "Hamilton CAN"]
[Date "1994.??.??"]
[Round "12"]
[White "Spraggett, Kevin"]
[Black "Hergott, Deen"]
[Result "1-0"]
[WhiteElo "2530"]
[BlackElo "2430"]
[PlyCount "237"]
[EventDate "1994.08.12"]
[EventType "tourn"]
[EventRounds "15"]
[EventCountry "CAN"]

1. c4 e5 2. g3 Nc6 3. Bg2 g6 4. Nc3 Bg7 5. d3 d6 6. e4 h5 7. h4 Nd4 8. Nce2 Ne6
9. Nf3 Nf6 10. Ng5 O-O 11. O-O Re8 12. b3 c6 13. Rb1 Nxg5 14. Bxg5 Qc7 15. Qc2
Bg4 16. Rbd1 a5 17. Rfe1 Nd7 18. Kh2 Nc5 19. Be3 Rad8 20. Rb1 Bc8 21. a3 Ne6
22. Qd2 Rf8 23. Kh1 Kh7 24. d4 exd4 25. Nxd4 Nxd4 26. Bxd4 Bxd4 27. Qxd4 Rfe8
28. Qc3 Re7 29. Re3 Rde8 30. Rbe1 b6 31. Rd1 c5 32. Red3 Re6 33. f3 Rd8 34. Kh2
Qe7 35. a4 Kg8 36. Qd2 Bb7 37. Bh3 Rf6 38. Qg5 Re8 39. Bg2 Kg7 40. Kg1 Bc6 41.
Kh2 Bb7 42. Qd2 Bc8 43. Rxd6 Rxd6 44. Qxd6 Qxd6 45. Rxd6 f5 46. exf5 Bxf5 47.
Rxb6 Re2 48. Rb5 Rb2 49. Rxa5 Bd3 50. Kh3 Bf5+ 51. g4 hxg4+ 52. fxg4 Rxb3+ 53.
Kh2 Bxg4 54. Rxc5 Ra3 55. a5 Kh6 56. Be4 Be2 57. Bd5 Bg4 58. Bf7 Be2 59. Kg1
Ra2 60. Rg5 Bd3 61. Rc5 Kg7 62. Be6 Kh6 63. Bd5 Be2 64. Be4 Bxc4 65. Rxc4 Rxa5
66. Bf3 Rf5 67. Kg2 Rf6 68. Kg3 Kg7 69. Kg4 Kh6 70. Rc7 Rd6 71. Be4 Rd1 72. Rc5
Rg1+ 73. Kf4 Rf1+ 74. Bf3 Ra1 75. Rc6 Kg7 76. Be4 Rf1+ 77. Ke5 Rg1 78. Rc7+ Kh6
79. Kf4 Rf1+ 80. Kg3 Rg1+ 81. Kh3 Rd1 82. Rc6 Rg1 83. Re6 Kg7 84. Re7+ Kh6 85.
Bd5 Rd1 86. Bg8 Rd3+ 87. Kg2 Kh5 88. Rh7+ Kg4 89. Be6+ Kf4 90. Rf7+ Ke5 91. Bd7
Rd1 92. Be8 Rd4 93. Kg3 Rd1 94. Ra7 Rg1+ 95. Kh2 Rg4 96. Kh3 Rg1 97. Ra6 Kf4
98. Kh2 Re1 99. Bxg6 Re2+ 100. Kg1 Kg3 101. Kf1 Rf2+ 102. Ke1 Rh2 103. h5 Kf4
104. Ra5 Kg3 105. Bd3 Kf3 106. Ra3 Kf4 107. Be2 Kg5 108. Ra6 Kf4 109. Kd2 Rh3
110. Rg6 Ke4 111. Rf6 Ke5 112. Rf8 Rh2 113. Ke3 Rh3+ 114. Bf3 Rh4 115. Rh8 Rb4
116. h6 Rb3+ 117. Kf2 Kf6 118. Rg8 Rb2+ 119. Kg3 1-0

[Event "CAN-ch"]
[Site "Hamilton CAN"]
[Date "1994.??.??"]
[Round "13"]
[White "Hergott, Deen"]
[Black "O'Donnell, Tom"]
[Result "1/2-1/2"]
[WhiteElo "2430"]
[BlackElo "2410"]
[PlyCount "49"]
[EventDate "1994.08.12"]
[EventType "tourn"]
[EventRounds "15"]
[EventCountry "CAN"]

1. Nf3 c5 2. g3 b6 3. Bg2 Bb7 4. O-O Nf6 5. d3 g6 6. e4 d6 7. Nh4 Nc6 8. f4 Bg7
9. Nc3 e6 10. f5 O-O 11. g4 d5 12. g5 dxe4 13. gxf6 Bxf6 14. Nxe4 Bxh4 15. f6
Nd4 16. Qg4 Nf5 17. Rxf5 exf5 18. Qxh4 fxe4 19. Bg5 Kh8 20. Qh6 Rg8 21. Rf1 Qf8
22. Qh4 Re8 23. Rf4 h5 24. dxe4 Re5 25. Bf3 1/2-1/2

[Event "CAN-ch"]
[Site "Hamilton CAN"]
[Date "1994.??.??"]
[Round "15"]
[White "Hergott, Deen"]
[Black "Piasetski, Leon"]
[Result "1-0"]
[WhiteElo "2430"]
[BlackElo "2365"]
[PlyCount "71"]
[EventDate "1994.08.12"]
[EventType "tourn"]
[EventRounds "15"]
[EventCountry "CAN"]

1. Nf3 c5 2. c4 Nf6 3. Nc3 e6 4. g3 b6 5. Bg2 Bb7 6. O-O a6 7. Re1 d5 8. cxd5
Nxd5 9. Nxd5 Qxd5 10. d4 cxd4 11. Qxd4 Qxd4 12. Nxd4 Bxg2 13. Kxg2 Nd7 14. Be3
Bc5 15. Rac1 Nf6 16. Nc2 Ke7 17. Bxc5+ bxc5 18. Na3 Rhc8 19. Nc4 Rab8 20. Red1
Nd5 21. Rd2 Nb6 22. Na5 Rc7 23. b3 Rbc8 24. Rdc2 Nd5 25. e4 Nb6 26. Kf3 Nd7 27.
Ke3 Rb8 28. a3 Rb5 29. b4 Rc8 30. Nb3 Rcb8 31. Nxc5 Nxc5 32. Rxc5 a5 33. Rxb5
Rxb5 34. Rc7+ Kf6 35. Rc5 Rxc5 36. bxc5 1-0

[Event "North Bay int."]
[Site "North Bay CAN"]
[Date "1994.??.??"]
[Round "?"]
[White "Hergott, Deen"]
[Black "Koliada, Timour"]
[Result "1-0"]
[WhiteElo "2430"]
[BlackElo "2345"]
[PlyCount "149"]
[EventDate "1994.08.04"]
[EventType "swiss"]
[EventRounds "8"]
[EventCountry "CAN"]

1. d4 Nf6 2. Nf3 g6 3. c4 Bg7 4. Nc3 O-O 5. e4 d6 6. Be2 e5 7. O-O Nc6 8. d5
Ne7 9. b4 Nh5 10. g3 a5 11. bxa5 Rxa5 12. Nd2 Nf6 13. Nb3 Ra8 14. c5 Ne8 15. f3
f5 16. a4 dxc5 17. Nxc5 b6 18. Nd3 Nd6 19. Ba3 Kh8 20. Qb3 Ba6 21. Nf2 Bxe2 22.
Nxe2 Nec8 23. Nc3 Rf7 24. Nd3 Qd7 25. Bb2 Qe8 26. f4 Nxe4 27. Nxe4 fxe4 28.
Nxe5 Re7 29. Nc6 Rf7 30. Ne5 Re7 31. Nc6 Rf7 32. Nd4 Nd6 33. Ne6 Bxb2 34. Qxb2+
Kg8 35. Rfc1 Ra7 36. Rc6 Qd7 37. Qd4 Nf5 38. Qxe4 Ne7 39. Ng5 Nxd5 40. Nxf7
Qxc6 41. Nd8 Qd7 42. Rd1 c6 43. Nxc6 Qxc6 44. Rxd5 Qxa4 45. Qe6+ Kg7 46. Qe5+
Kh6 47. Qd6 Qa3 48. Qxa3 Rxa3 49. Rd7 Ra2 50. h3 g5 51. fxg5+ Kg6 52. h4 b5 53.
Rd6+ Kf5 54. Rd4 Ra4 55. Rd7 Kg6 56. Kg2 Rc4 57. Rd6+ Kg7 58. Rb6 b4 59. Kf3
Rd4 60. Re6 Rd7 61. Rb6 Rd4 62. h5 Rc4 63. g6 h6 64. Rb7+ Kg8 65. g4 Rd4 66. g5
hxg5 67. h6 Rf4+ 68. Kg3 Rf8 69. Rxb4 Ra8 70. Kg4 Rc8 71. Rb5 Ra8 72. Kxg5 Rc8
73. h7+ Kg7 74. Rb7+ Kh8 75. Kh6 1-0

[Event "North Bay int."]
[Site "North Bay CAN"]
[Date "1994.??.??"]
[Round "?"]
[White "Southam, Todd"]
[Black "Hergott, Deen"]
[Result "0-1"]
[WhiteElo "2320"]
[BlackElo "2430"]
[PlyCount "68"]
[EventDate "1994.08.04"]
[EventType "swiss"]
[EventRounds "8"]
[EventCountry "CAN"]

1. d4 e6 2. c4 b6 3. a3 Bb7 4. Nc3 f5 5. Nf3 Nf6 6. d5 Na6 7. b4 Bd6 8. e3 O-O
9. Bd3 c6 10. dxc6 dxc6 11. Qe2 c5 12. b5 Nc7 13. Bb2 Ng4 14. O-O-O e5 15. h3
Nh6 16. Bc2 Qe7 17. e4 Ne6 18. Nd5 Bxd5 19. Rxd5 Nf4 20. Qd2 Nxd5 21. Qxd5+ Kh8
22. exf5 Rae8 23. Rd1 e4 24. Qxd6 Qxd6 25. Rxd6 Nxf5 26. Rd7 exf3 27. Bxf5 Rxf5
28. g4 Rf4 29. Kb1 Kg8 30. Rxg7+ Kf8 31. Rxa7 Re1+ 32. Ka2 Re2 33. a4 Rxf2 34.
a5 Rxb2+ 0-1

[Event "CAN-op"]
[Site "Winnipeg CAN"]
[Date "1994.07.09"]
[Round "1"]
[White "Bell, Ian"]
[Black "Hergott, Deen"]
[Result "0-1"]
[WhiteElo "1772"]
[BlackElo "2513"]
[PlyCount "44"]
[EventDate "1994.07.09"]
[EventType "swiss"]
[EventRounds "10"]
[EventCountry "CAN"]
[Source "ChessBase"]
[SourceDate "1997.11.17"]

1. e4 c5 2. Nf3 Nc6 3. d4 cxd4 4. Nxd4 e5 5. Nxc6 bxc6 6. c4 Nf6 7. Bd3 Bc5 8.
Nd2 d6 9. h3 O-O 10. a3 a5 11. Rb1 a4 12. Bc2 Qb6 13. O-O Qa7 14. b4 axb3 15.
Nxb3 Be6 16. Nd2 g6 17. a4 Nh5 18. Bb3 Ng3 19. Qf3 Nxf1 20. Nxf1 f5 21. Be3
fxe4 22. Qxe4 Bf5 0-1

[Event "CAN-op"]
[Site "Winnipeg CAN"]
[Date "1994.07.10"]
[Round "2"]
[White "Hergott, Deen"]
[Black "Knjazhevsky, Alexander"]
[Result "1-0"]
[WhiteElo "2513"]
[BlackElo "2027"]
[PlyCount "141"]
[EventDate "1994.07.09"]
[EventType "swiss"]
[EventRounds "10"]
[EventCountry "CAN"]

1. d4 d5 2. Nf3 Nf6 3. c4 e6 4. g3 b6 5. Bg2 Bb7 6. Nc3 Be7 7. O-O O-O 8. Ne5
c6 9. e4 dxc4 10. Nxc4 Ba6 11. b3 b5 12. Ne3 b4 13. Ne2 Nbd7 14. Bb2 Nb6 15.
Re1 Rc8 16. Nf4 Qc7 17. Rc1 Rfd8 18. Qf3 Qb8 19. Bh3 Nfd7 20. d5 cxd5 21. exd5
Rxc1 22. Rxc1 e5 23. Nf5 Bf8 24. Ne6 fxe6 25. dxe6 Bb7 26. Qe2 g6 27. e7 gxf5
28. exd8=Q Qxd8 29. Bxf5 Bg7 30. Rd1 Qe7 31. Bxd7 Nxd7 32. Qc4+ Kf8 33. Qc7 Nb6
34. Rd8+ Kf7 35. Qxe7+ Kxe7 36. Rg8 Bf6 37. f4 Bd5 38. Rb8 exf4 39. Bxf6+ Kxf6
40. Rf8+ Ke5 41. Rxf4 a5 42. Rh4 Be4 43. Rh5+ Kd4 44. Rxa5 Nd5 45. g4 Nc3 46.
h4 Bb1 47. a3 bxa3 48. Rxa3 Kc5 49. Ra7 Nb5 50. Rb7 Kc6 51. Rb8 Nd4 52. Kf2 Kc7
53. Rb4 Nc6 54. Rf4 Bc2 55. Rf3 Kb6 56. Rc3 Bb1 57. Ke3 Kb5 58. Kf4 Ne7 59. Kg5
Kb4 60. Rc7 Nd5 61. Rb7+ Kc3 62. Kh6 Kd4 63. g5 Bc2 64. b4 Ke5 65. b5 Bd3 66.
h5 Kd6 67. Rxh7 Bxb5 68. Ra7 Nf4 69. g6 Ne6 70. g7 Nxg7 71. Kxg7 1-0

[Event "CAN-op"]
[Site "Winnipeg CAN"]
[Date "1994.07.11"]
[Round "4"]
[White "Hergott, Deen"]
[Black "Starr (Shterenberg), Nava"]
[Result "1-0"]
[WhiteElo "2513"]
[BlackElo "2223"]
[PlyCount "57"]
[EventDate "1994.07.09"]
[EventType "swiss"]
[EventRounds "10"]
[EventCountry "CAN"]
[Source "ChessBase"]
[SourceDate "1997.11.17"]

1. Nf3 Nf6 2. c4 g6 3. Nc3 Bg7 4. d4 c5 5. e4 cxd4 6. Nxd4 d6 7. Be2 O-O 8. O-O
Nc6 9. Be3 Ng4 10. Bxg4 Bxg4 11. Nxc6 Bxd1 12. Nxd8 Bg4 13. Nxb7 Rfb8 14. Na5
Rxb2 15. Rac1 Bxc3 16. Rxc3 Rxa2 17. Nc6 Kf8 18. c5 a5 19. cxd6 exd6 20. Bf4 a4
21. Bxd6+ Kg7 22. Nb4 Rd2 23. Nd5 Ra7 24. Ra3 Be2 25. Rfa1 Bc4 26. Bb4 Re2 27.
Nc3 Rb2 28. Bc5 Rd7 29. Rxa4 1-0

[Event "CAN-op"]
[Site "Winnipeg CAN"]
[Date "1994.07.12"]
[Round "5"]
[White "Gentes, Kevin"]
[Black "Hergott, Deen"]
[Result "1/2-1/2"]
[WhiteElo "2338"]
[BlackElo "2513"]
[PlyCount "59"]
[EventDate "1994.07.09"]
[EventType "swiss"]
[EventRounds "10"]
[EventCountry "CAN"]
[Source "ChessBase"]
[SourceDate "1997.11.17"]

1. d4 e6 2. c4 b6 3. Nf3 Bb7 4. Nbd2 f5 5. g3 c5 6. Bg2 cxd4 7. O-O Qc7 8. Nxd4
Bxg2 9. Kxg2 Nf6 10. b3 Nc6 11. N2f3 Nxd4 12. Nxd4 Be7 13. Nb5 Qc6+ 14. f3 a6
15. Nd4 Qb7 16. Qd3 h6 17. a4 O-O 18. Ba3 Bxa3 19. Rxa3 f4 20. e4 d5 21. cxd5
exd5 22. e5 Qe7 23. Ra2 Qxe5 24. Re2 Qh5 25. g4 Qf7 26. Ne6 Rfe8 27. Nxf4 d4
28. Rff2 Nd5 29. Nxd5 Qxd5 30. Rd2 1/2-1/2

[Event "CAN-op"]
[Site "Winnipeg CAN"]
[Date "1994.07.13"]
[Round "6"]
[White "Hergott, Deen"]
[Black "Vlaovic, George"]
[Result "1-0"]
[WhiteElo "2513"]
[BlackElo "2268"]
[PlyCount "99"]
[EventDate "1994.07.09"]
[EventType "swiss"]
[EventRounds "10"]
[EventCountry "CAN"]

1. Nf3 c5 2. c4 Nf6 3. Nc3 e6 4. g3 b6 5. Bg2 Bb7 6. O-O Be7 7. d4 cxd4 8. Qxd4
O-O 9. Bg5 d6 10. Bxf6 Bxf6 11. Qd3 Na6 12. Rfd1 Nc5 13. Qe3 Qb8 14. Rac1 Rd8
15. b4 Nd7 16. Nb5 Be7 17. Nfd4 a6 18. Nxe6 Bxg2 19. Nxd6 Bh3 20. Nxd8 Qxd8 21.
c5 bxc5 22. bxc5 Qf8 23. Nb7 Nf6 24. c6 Be6 25. c7 h5 26. Qe5 h4 27. Rd2 hxg3
28. hxg3 g6 29. Rcd1 Ng4 30. Qxe6 fxe6 31. Rd8 Bxd8 32. cxd8=Q Rxd8 33. Rxd8
Qxd8 34. Nxd8 e5 35. e4 Nf6 36. f3 Nd7 37. Kf2 Kf8 38. Nc6 Kf7 39. Ke3 Ke6 40.
Nb4 Nc5 41. f4 exf4+ 42. gxf4 a5 43. Nd3 Nd7 44. Kd4 Nf8 45. Nc5+ Kf6 46. Kd5
Ke7 47. a4 Nh7 48. Nb3 Nf6+ 49. Kd4 Nd7 50. Nxa5 1-0

[Event "CAN-op"]
[Site "Winnipeg CAN"]
[Date "1994.07.14"]
[Round "7"]
[White "Littke, Adam"]
[Black "Hergott, Deen"]
[Result "0-1"]
[WhiteElo "2371"]
[BlackElo "2513"]
[PlyCount "80"]
[EventDate "1994.07.09"]
[EventType "swiss"]
[EventRounds "10"]
[EventCountry "CAN"]

1. d4 g6 2. Nf3 Bg7 3. e4 d6 4. Nc3 a6 5. a4 b6 6. Bc4 e6 7. Bg5 Ne7 8. Qd2 h6
9. Be3 Nd7 10. h3 Nf6 11. Bd3 Bb7 12. O-O d5 13. e5 Ne4 14. Bxe4 dxe4 15. Nh2
Nf5 16. Rfd1 Qe7 17. Qe2 Rd8 18. a5 b5 19. Na2 O-O 20. c3 Rd7 21. Nb4 Rfd8 22.
Nc2 c5 23. dxc5 Nxe3 24. fxe3 Qxc5 25. Ng4 Bxe5 26. Nxe5 Qxe5 27. Rxd7 Rxd7 28.
Rd1 Rxd1+ 29. Qxd1 Qc7 30. Qd4 e5 31. Qd2 Kg7 32. b4 Qc4 33. Ne1 h5 34. h4 Bd5
35. g3 Kf6 36. Kf2 Ke7 37. Kg1 Be6 38. Ng2 Qd3 39. Qxd3 exd3 40. e4 d2 0-1